00565 2200217 4500001002100000005001500021035002000036008004100056245004700097100002600144260002800170300003100198082001000229084001600239250001400255650002200269990001400291990001400305990001400319990001400333INLIS00000000000060820250621124611 a0010-0625000306250621 j 1 ind 1 aDongeng si Kancil /cYudhistira Ikranegara aYudhistira Ikranegara aYogyakarta :bDua Media a32 hlm :bIlus ;c15x21 cm a028.5 a028.5 YUD d acet. Ke-1 4aDongeng si Kancil a0472/2023 a0473/2023 a0474/2023 a0475/2023